[Event "ch-RUS Blitz 2016"]
[Site "Sochi RUS"]
[Date "2016.10.04"]
[Round "20.13"]
[White "Predke, Alexandr"]
[Black "Alekseev, Evgeny"]
[Result "0-1"]
[WhiteTitle "GM"]
[BlackTitle "GM"]
[WhiteElo "2587"]
[BlackElo "2636"]
[WhiteFideId "24107581"]
[BlackFideId "4138147"]
[EventDate "2016.10.04"]

1. Nf3 c5 2. e4 Nc6 3. Nc3 e6 4. d4 cxd4 5. Nxd4 a6 6. Bf4 d6 7. Nxc6 bxc6 8.
Bc4 Nf6 9. e5 Nd5 10. Nxd5 cxd5 11. Bd3 Be7 12. O-O O-O 13. Re1 dxe5 14. Bxe5
Bf6 15. Qh5 g6 16. Qh6 Bd7 17. Re3 Bxe5 18. Rxe5 Qf6 19. Rae1 Bb5 20. Qe3 Rfc8
21. c3 Bxd3 22. Qxd3 a5 23. b3 Rc7 24. Qd4 Qd8 25. h4 Rac8 26. R1e3 Rc6 27. h5
Qb6 28. Qd2 Qc7 29. c4 dxc4 30. bxc4 a4 31. hxg6 hxg6 32. R5e4 Rxc4 33. Rxc4
Qxc4 34. Kh2 Qc2 35. Qd7 Qc7+ 36. Qxc7 Rxc7 37. f3 Rc2 38. Ra3 Rc4 39. Rd3 Kg7
40. Kg3 Kf6 41. Re3 Kf5 42. Rd3 f6 43. Re3 e5 44. Rd3 g5 45. Re3 g4 46. Rd3 gxf3
47. gxf3 Rb4 48. Rc3 Rd4 49. Re3 Kg5 50. a3 Kf5 51. Rc3 Rf4 52. Rc8 Rd4 53. Ra8
Kg5 54. Ra5 Rc4 55. Kf2 Kf4 56. Ke2 f5 57. Ra8 Rd4 58. Ra7 Rc4 59. Ra8 Rc2+ 60.
Kd1 Ra2 61. Rxa4+ Kxf3 62. Ra5 Kf4 0-1

[Event "ch-RUS Blitz 2016"]
[Site "Sochi RUS"]
[Date "2016.10.04"]
[Round "20.14"]
[White "Hasangatin, Ramil"]
[Black "Sakaev, Konstantin"]
[Result "0-1"]
[WhiteTitle "GM"]
[BlackTitle "GM"]
[WhiteElo "2505"]
[BlackElo "2594"]
[WhiteFideId "4122160"]
[BlackFideId "4104226"]
[EventDate "2016.10.04"]

1. e4 c5 2. Nf3 d6 3. d4 cxd4 4. Qxd4 Nc6 5. Bb5 a6 6. Bxc6+ bxc6 7. e5 f6 8.
exd6 e5 9. Qe3 Bxd6 10. Nc3 Ne7 11. Bd2 Nd5 12. Qe4 Be6 13. Qa4 Qc7 14. Ne4 Be7
15. Ba5 Qb7 16. Qb3 Qb5 17. Bd2 Nc7 18. Nc3 Qb4 19. Qxb4 Bxb4 20. Ne4 Be7 21.
Be3 Bd5 22. Ned2 c5 23. O-O Kf7 24. Rfd1 Rhd8 25. Nb3 Ne6 26. Na5 Rac8 27. c3 g5
28. Nd2 c4 29. Rac1 f5 30. f3 Nf4 31. Bxf4 gxf4 32. b3 Ba3 33. Rc2 cxb3 34. axb3
Bc5+ 35. Kf1 Bb6 36. b4 Bxa5 37. bxa5 Bb3 38. Rdc1 Bxc2 39. Rxc2 Rc5 40. Nb3 Rb5
41. Nd2 Rxa5 42. Rb2 Rb5 43. Rc2 a5 44. c4 Rb4 45. Ke2 a4 46. c5 a3 47. c6 Rb2 0-1

[Event "ch-RUS Blitz 2016"]
[Site "Sochi RUS"]
[Date "2016.10.04"]
[Round "20.15"]
[White "Dreev, Aleksey"]
[Black "Shcherbakov, Ruslan"]
[Result "1/2-1/2"]
[WhiteTitle "GM"]
[BlackTitle "GM"]
[WhiteElo "2660"]
[BlackElo "2516"]
[WhiteFideId "4100107"]
[BlackFideId "4102240"]
[EventDate "2016.10.04"]

1. d4 Nf6 2. Nf3 c5 3. d5 b5 4. Bg5 Qb6 5. Nc3 b4 6. Na4 Qc7 7. Bxf6 exf6 8. e4
g6 9. b3 Bg7 10. d6 Qc6 11. Bc4 Qxe4+ 12. Kf1 Ba6 13. Qe1 Bxc4+ 14. bxc4 Qxe1+
15. Rxe1+ Kd8 16. Re7 Bf8 17. Rxf7 Bxd6 18. Rxf6 Kc7 19. h4 Nc6 20. h5 Be7 21.
Rf4 Raf8 22. Re4 g5 23. h6 Rf5 24. Nb2 Rhf8 25. Nd3 d5 26. cxd5 Rxd5 27. Rh5 a5
28. Nf4 Rd1+ 29. Ke2 Ra1 30. Ne6+ Kb6 31. Nxf8 Bxf8 32. Re8 Bd6 33. Nxg5 Rxa2
34. Nxh7 b3 35. Rh1 Rxc2+ 36. Kf3 Nd4+ 37. Kg4 Rxf2 38. g3 Rf3 39. Ng5 Rxg3+ 40.
Kh5 Nf5 41. h7 Bf4 42. Ne4 Ng7+ 43. Kh4 Nf5+ 1/2-1/2

[Event "ch-RUS Blitz 2016"]
[Site "Sochi RUS"]
[Date "2016.10.04"]
[Round "20.16"]
[White "Rozum, Ivan"]
[Black "Timofeev, Artyom"]
[Result "0-1"]
[WhiteTitle "GM"]
[BlackTitle "GM"]
[WhiteElo "2590"]
[BlackElo "2601"]
[WhiteFideId "24104272"]
[BlackFideId "4140419"]
[EventDate "2016.10.04"]

1. Nf3 c5 2. b3 d6 3. e3 e5 4. d4 cxd4 5. exd4 e4 6. Nfd2 d5 7. c4 Nf6 8. Nc3
Bb4 9. Bb2 O-O 10. a3 Bxc3 11. Bxc3 Nc6 12. Be2 dxc4 13. Nxc4 Nd5 14. Bb2 Qg5
15. g3 Bh3 16. Qd2 Qe7 17. Ne3 Rad8 18. O-O-O Be6 19. Kb1 b6 20. Rc1 Na5 21. Bc4
Rd7 22. Rhe1 Rfd8 23. Nxd5 Bxd5 24. Bxd5 Rxd5 25. Qe3 Qd7 26. b4 Nc6 27. Qxe4 a5
28. Re3 axb4 29. axb4 Nxb4 30. Rc7 Qa4 31. Qf3 R5d7 32. Ra3 Qb5 33. Rc1 Nd5 34.
Qb3 Qe2 35. Qc2 Qe6 36. Ra4 h6 37. Rc4 Qh3 38. Qe4 Qxh2 39. Qf3 Qh3 40. Rc6 Re7
41. Ba3 Ree8 42. Bd6 Nf6 43. Be5 Qd7 44. Bxf6 gxf6 45. Rxf6 Qxd4 46. Rf4 Qd3+
47. Qxd3 Rxd3 48. Rc2 Rd6 49. Kb2 Ree6 50. Kb3 Rf6 51. Rcc4 Kg7 52. Rg4+ Rg6 53.
Rgf4 Rdf6 54. Kb4 Rxf4 55. Rxf4 Rg5 56. Rd4 Rf5 57. f4 h5 58. Rc4 Kg6 59. Rc6+
Rf6 60. Rc7 Kf5 61. Rc8 Kg4 62. Rc3 Rf5 63. Re3 Ra5 64. Re7 Rf5 65. Re3 h4 66.
gxh4 Kxh4 67. Re7 Kg4 0-1

[Event "ch-RUS Blitz 2016"]
[Site "Sochi RUS"]
[Date "2016.10.04"]
[Round "20.17"]
[White "Belyakov, Bogdan"]
[Black "Matinian, Nikita"]
[Result "0-1"]
[WhiteTitle "IM"]
[BlackTitle "IM"]
[WhiteElo "2487"]
[BlackElo "2495"]
[WhiteFideId "24104795"]
[BlackFideId "24129100"]
[EventDate "2016.10.04"]

1. e4 c5 2. c3 g6 3. d4 cxd4 4. cxd4 d5 5. exd5 Bg7 6. Nc3 Nf6 7. Bc4 O-O 8.
Nge2 a6 9. O-O b5 10. Bb3 Bb7 11. Nf4 Nbd7 12. d6 exd6 13. a4 b4 14. Ncd5 Qa5
15. Nxf6+ Nxf6 16. Re1 Rfe8 17. Be3 Re7 18. Rc1 Rae8 19. h3 Qf5 20. Qd2 a5 21.
Qd3 Qxd3 22. Nxd3 Nd5 23. Rf1 Nxe3 24. fxe3 Rf8 25. Kf2 0-1

[Event "ch-RUS Blitz 2016"]
[Site "Sochi RUS"]
[Date "2016.10.04"]
[Round "20.18"]
[White "Levin, Evgeny A."]
[Black "Golubov, Saveliy"]
[Result "1-0"]
[WhiteTitle "GM"]
[BlackTitle "IM"]
[WhiteElo "2505"]
[BlackElo "2481"]
[WhiteFideId "4182596"]
[BlackFideId "24176729"]
[EventDate "2016.10.04"]

1. d4 Nf6 2. c4 Nc6 3. Nf3 d5 4. Nc3 Bf5 5. cxd5 Nxd5 6. Qb3 Be6 7. e4 Nxc3 8.
Qxc3 Bg4 9. d5 Bxf3 10. gxf3 Nb8 11. Bb5+ Nd7 12. Bf4 Rc8 13. Rc1 a6 14. Ba4 b5
15. Bb3 Nb6 16. O-O Qd7 17. Be3 Nc4 18. Bxc4 bxc4 19. Qxc4 e6 20. dxe6 Qxe6 21.
Qxe6+ fxe6 22. Rc6 Bd6 23. f4 Kd7 24. Rxa6 e5 25. Rd1 Rhe8 26. fxe5 Rxe5 27. Bf4
Rxe4 28. Bxd6 cxd6 29. Raxd6+ Ke7 30. Rd7+ Kf6 31. R1d6+ Kf5 32. Rf7+ Kg5 33.
Rxg7+ Kf5 34. Rd2 Kf6 35. Rg3 Re1+ 36. Kg2 Rcc1 37. Kf3 Ra1 38. a3 Rh1 39. Rh3
Kg6 40. Rc2 Rhb1 41. Rc6+ Kg5 42. Rc5+ Kg6 43. Rc2 Ra2 44. Kg2 Raa1 45. Rg3+ Kf5
46. Rc5+ Kf4 47. Rc4+ Kf5 48. Rb4 h5 49. Rf3+ Ke5 50. Rd3 Rg1+ 51. Kf3 Rab1 52.
Rc3 Kd5 53. Rb5+ Kd4 54. Rb4+ Kd5 55. Rd3+ Ke5 56. Re4+ Kf6 57. Rd6+ Kf5 58.
Rd5+ Kf6 59. Rb4 Ke6 60. Rxh5 1-0

[Event "ch-RUS Blitz 2016"]
[Site "Sochi RUS"]
[Date "2016.10.04"]
[Round "20.19"]
[White "Moiseenko, Vadim"]
[Black "Kryakvin, Dmitry"]
[Result "0-1"]
[WhiteTitle "IM"]
[BlackTitle "GM"]
[WhiteElo "2528"]
[BlackElo "2554"]
[WhiteFideId "4123700"]
[BlackFideId "4153278"]
[EventDate "2016.10.04"]

1. e4 c5 2. Nf3 d6 3. c3 Nf6 4. Be2 Nc6 5. d4 cxd4 6. cxd4 d5 7. e5 Ne4 8. O-O
Bg4 9. Nbd2 Nxd2 10. Bxd2 e6 11. Be3 Be7 12. Rc1 O-O 13. h3 Bxf3 14. Bxf3 Qb6
15. b3 Rfc8 16. Be2 Ba3 17. Rc3 Qa5 18. Bd2 Bb4 19. Rc2 Nxd4 20. Rxc8+ Rxc8 21.
Bxb4 Nxe2+ 22. Qxe2 Qxb4 23. Rd1 Qc3 24. g3 h6 25. Kg2 a6 26. Rd3 Qc2 27. Rd2
Qb1 28. Rd1 Rc1 29. Rxc1 Qxc1 30. f4 Qc3 31. Kf2 d4 32. Qe1 Qc2+ 33. Kf3 d3 34.
Ke3 Qxa2 35. Kxd3 Qxb3+ 36. Ke4 Qc4+ 37. Ke3 Qc5+ 38. Kf3 a5 39. Qb1 b5 40. Kg4
g6 41. h4 h5+ 42. Kh3 a4 43. Qd3 Qd5 44. Qb1 b4 45. Qc1 Kg7 46. f5 exf5 47. Qa1
Kg8 48. e6 Qxe6 49. Qxa4 f4+ 50. Kg2 Qe2+ 51. Kg1 Qe1+ 52. Kh2 Qxg3+ 0-1

[Event "ch-RUS Blitz 2016"]
[Site "Sochi RUS"]
[Date "2016.10.04"]
[Round "20.20"]
[White "Savitskiy, Sergey"]
[Black "Bologan, Victor"]
[Result "0-1"]
[WhiteTitle "FM"]
[BlackTitle "GM"]
[WhiteElo "2415"]
[BlackElo "2640"]
[WhiteFideId "24105660"]
[BlackFideId "13900048"]
[EventDate "2016.10.04"]

1. e4 c5 2. Nf3 d6 3. d4 cxd4 4. Nxd4 Nf6 5. Nc3 a6 6. f4 e5 7. Nf3 Nbd7 8. a4
Qc7 9. Bd3 Be7 10. O-O O-O 11. Qe1 Nc5 12. fxe5 dxe5 13. Bg5 Be6 14. Qg3 Ncd7
15. Nd5 Bxd5 16. exd5 Qc5+ 17. Kh1 e4 18. Bxf6 Nxf6 19. b4 Qxd5 20. Nh4 Bd6 21.
Qh3 exd3 22. Rxf6 gxf6 23. Nf5 Kh8 0-1

[Event "ch-RUS Blitz 2016"]
[Site "Sochi RUS"]
[Date "2016.10.04"]
[Round "21.1"]
[White "Artemiev, Vladislav"]
[Black "Vitiugov, Nikita"]
[Result "1/2-1/2"]
[WhiteTitle "GM"]
[BlackTitle "GM"]
[WhiteElo "2663"]
[BlackElo "2721"]
[WhiteFideId "24101605"]
[BlackFideId "4152956"]
[EventDate "2016.10.04"]

1. Nf3 d5 2. c4 c6 3. cxd5 cxd5 4. d4 Nf6 5. Nc3 Nc6 6. Bf4 a6 7. Rc1 e6 8. e3
Be7 9. h3 O-O 10. Bd3 Bd7 11. O-O Rc8 12. Ne5 Be8 13. Bg5 h6 14. Bh4 Nd7 15.
Nxc6 Rxc6 16. Bxe7 Qxe7 17. Na4 Nf6 18. Qb3 Rxc1 19. Rxc1 Bxa4 20. Qxa4 Qd6 1/2-1/2

[Event "ch-RUS Blitz 2016"]
[Site "Sochi RUS"]
[Date "2016.10.04"]
[Round "21.2"]
[White "Andreikin, Dmitry"]
[Black "Dubov, Daniil"]
[Result "1/2-1/2"]
[WhiteTitle "GM"]
[BlackTitle "GM"]
[WhiteElo "2736"]
[BlackElo "2648"]
[WhiteFideId "4158814"]
[BlackFideId "24126055"]
[EventDate "2016.10.04"]

1. e4 c5 2. Nf3 d6 3. c3 Nf6 4. h3 g6 5. Bd3 Bg7 6. Bc2 O-O 7. d4 cxd4 8. cxd4
b5 9. O-O Bb7 10. Re1 Nbd7 11. a3 a5 12. Bg5 h6 13. Bf4 e5 14. Bh2 d5 15. dxe5
Nxe4 16. Nbd2 Ndc5 17. b4 axb4 18. axb4 Rxa1 19. Qxa1 Nxd2 20. Nxd2 Ne6 21. Bd3
Qb6 22. Qa5 Qd4 23. Qxb5 Qc3 24. Bf1 Qxd2 25. Re2 Qc1 26. Qxb7 d4 27. Qa6 Rd8
28. Qd3 Qc3 29. Rc2 Qxb4 30. Bg3 Qa5 31. f4 Nc5 32. Qb5 Qxb5 33. Bxb5 Ne4 34.
Bh4 d3 35. Rc1 d2 36. Rd1 g5 37. fxg5 hxg5 38. Bc6 Nc3 39. Bxg5 Nxd1 40. Bxd8
Nc3 41. Bf3 Bxe5 42. Kf2 d1=Q 43. Bxd1 Nxd1+ 44. Kf3 Kg7 45. g4 Nc3 46. h4 Nb5
47. g5 Nd6 48. Kg4 f6 1/2-1/2

[Event "ch-RUS Blitz 2016"]
[Site "Sochi RUS"]
[Date "2016.10.04"]
[Round "21.3"]
[White "Riazantsev, Alexander"]
[Black "Khairullin, Ildar"]
[Result "1-0"]
[WhiteTitle "GM"]
[BlackTitle "GM"]
[WhiteElo "2651"]
[BlackElo "2630"]
[WhiteFideId "4125029"]
[BlackFideId "4151348"]
[EventDate "2016.10.04"]

1. d4 Nf6 2. c4 e6 3. Nf3 Bb4+ 4. Bd2 Bxd2+ 5. Qxd2 d5 6. Nc3 O-O 7. e3 Qe7 8.
cxd5 exd5 9. Bd3 c6 10. Qc2 Nbd7 11. O-O Re8 12. Rab1 Ne4 13. b4 Ndf6 14. Bxe4
Nxe4 15. Nxe4 dxe4 16. Nd2 Qg5 17. Qc5 Qg6 18. Rfc1 Bh3 19. g3 a6 20. a4 h5 21.
Qb6 Re7 22. b5 cxb5 23. Qxg6 fxg6 24. axb5 a5 25. b6 a4 26. Rc7 Kf8 27. Rxe7
Kxe7 28. Nxe4 Bf5 29. f3 g5 30. Ra1 g4 31. Nc5 gxf3 32. Rxa4 Rxa4 33. Nxa4 Kd6
34. Kf2 Bg4 35. e4 Kc6 36. h3 Bxh3 37. Kxf3 Kb5 38. Nc3+ Kxb6 39. e5 Kc6 40. Ke4
b5 41. d5+ Kc5 42. e6 b4 43. Na2 b3 44. Nc3 b2 45. Ke5 Kc4 46. Nb1 Kb3 47. d6
Kc2 48. d7 Kxb1 49. d8=Q Kc2 50. Qc7+ 1-0

[Event "ch-RUS Blitz 2016"]
[Site "Sochi RUS"]
[Date "2016.10.04"]
[Round "21.4"]
[White "Savchenko, Boris"]
[Black "Grachev, Boris"]
[Result "1-0"]
[WhiteTitle "GM"]
[BlackTitle "GM"]
[WhiteElo "2613"]
[BlackElo "2628"]
[WhiteFideId "4147332"]
[BlackFideId "4129199"]
[EventDate "2016.10.04"]

1. e4 c5 2. Nf3 e6 3. c3 d5 4. e5 Nc6 5. d4 Bd7 6. Be2 f6 7. exf6 Nxf6 8. O-O
Bd6 9. dxc5 Bxc5 10. c4 O-O 11. cxd5 exd5 12. Nc3 Bg4 13. h3 Bxf3 14. Bxf3 Nd4
15. Bg5 Nxf3+ 16. Qxf3 Bd4 17. Rad1 Bxc3 18. bxc3 h6 19. Bxf6 Qxf6 20. Qxd5+ Qf7
21. Rfe1 Qxd5 22. Rxd5 Rf7 23. Red1 Rc7 24. R1d3 Rac8 25. Rd8+ Rxd8 26. Rxd8+
Kf7 27. Kf1 Ke7 28. Rd3 Rc5 29. Ke2 Ra5 30. Rd2 h5 31. h4 b6 32. Kd3 Ke6 33. g3
Kf5 34. f3 g6 35. Kc4 Ke6 36. Kb4 g5 37. Rd4 gxh4 38. Rxh4 Kf6 39. a4 Rf5 40. g4
Rf4+ 41. Kb5 hxg4 42. fxg4 Kg6 43. c4 Re4 44. Rh8 Re5+ 45. Kb4 Kg7 46. Rc8 1-0

[Event "ch-RUS Blitz 2016"]
[Site "Sochi RUS"]
[Date "2016.10.04"]
[Round "21.5"]
[White "Matlakov, Maxim"]
[Black "Morozevich, Alexander"]
[Result "0-1"]
[WhiteTitle "GM"]
[BlackTitle "GM"]
[WhiteElo "2691"]
[BlackElo "2683"]
[WhiteFideId "4168003"]
[BlackFideId "4116992"]
[EventDate "2016.10.04"]

1. Nf3 d5 2. g3 Nc6 3. d4 Bf5 4. Bg2 Nb4 5. Na3 c6 6. O-O e6 7. c3 Na6 8. Nc2 h6
9. Nd2 Nf6 10. f3 Be7 11. e4 Bh7 12. e5 Nd7 13. Ne3 c5 14. f4 Qb6 15. Nf3 Be4
16. Nh4 cxd4 17. cxd4 Bxg2 18. Kxg2 Bxh4 19. gxh4 O-O-O 20. f5 Nb4 21. fxe6 fxe6
22. Bd2 Qxd4 23. Bxb4 Qxb4 24. Kh1 Nxe5 25. Ng2 Rhf8 26. Qc2+ Kb8 27. Rfe1 Ng4
28. Re2 Qd6 29. Ne1 Rf1+ 30. Kg2 Rdf8 0-1

[Event "ch-RUS Blitz 2016"]
[Site "Sochi RUS"]
[Date "2016.10.04"]
[Round "21.6"]
[White "Pridorozhni, Aleksei"]
[Black "Moskalenko, Alexander"]
[Result "0-1"]
[WhiteTitle "GM"]
[BlackTitle "IM"]
[WhiteElo "2579"]
[BlackElo "2490"]
[WhiteFideId "4127870"]
[BlackFideId "4155351"]
[EventDate "2016.10.04"]

1. e4 d5 2. Nc3 d4 3. Nce2 e5 4. Ng3 Be6 5. Bb5+ c6 6. Ba4 Nd7 7. Bb3 Nc5 8.
Bxe6 Nxe6 9. d3 Bb4+ 10. Kf1 g6 11. N3e2 Ne7 12. Nf3 f6 13. h4 h5 14. c3 dxc3
15. bxc3 Bd6 16. d4 Qd7 17. Qb3 O-O-O 18. Be3 f5 19. dxe5 Bb8 20. g3 fxe4 21.
Nfd4 Nc5 22. Qc4 Qd5 23. Qxd5 Nxd5 24. Bg5 Rde8 25. Nf4 Rhg8 26. Nb3 Nxb3 27.
axb3 Bxe5 28. Nxd5 cxd5 29. Ra5 Kb8 30. Rxd5 Bxc3 31. Ke2 a6 32. Rhd1 Re6 33.
Bf4+ Ka7 34. Be3+ Kb8 35. Rc5 Bf6 36. Rd7 Rge8 37. Rcc7 b5 38. Rb7+ Kc8 39.
Rdc7+ Kd8 40. Rf7 Kc8 41. Ra7 R6e7 42. Rfxe7 Rxe7 43. Rxa6 Rf7 44. Rb6 Kd7 45.
Rxb5 Ke6 46. Rb6+ Kf5 47. Rb5+ Kg4 48. Rb4 Kf5 49. Rb5+ Kg4 50. Rb6 Kf5 51. b4
Rd7 52. Rb8 Rd3 53. Rf8 Ke6 54. b5 Rb3 55. b6 Be5 56. Re8+ Kf6 57. Kf1 Kf5 58.
Bc5 Rb5 59. Be3 Rb3 60. Re7 Bd6 61. Rd7 Ke6 62. Rg7 Rb1+ 63. Kg2 Kf5 64. Bd4 Rb4
65. Be3 Be5 66. Ra7 Rb2 67. Ra5 Ke6 68. Ra6 Kf5 69. Ra4 Bd6 70. Rc4 Rb5 71. Rc6
Be5 72. Kf1 Rb2 73. Ke1 Rb1+ 74. Kd2 Rb2+ 75. Kc1 Rb3 76. Rc5 Ke6 77. Rc4 Kd5
78. Ra4 Rb5 79. Ra2 0-1

[Event "ch-RUS Blitz 2016"]
[Site "Sochi RUS"]
[Date "2016.10.04"]
[Round "21.7"]
[White "Popov, Ivan RUS"]
[Black "Shaposhnikov, Evgeny"]
[Result "1/2-1/2"]
[WhiteTitle "GM"]
[BlackTitle "GM"]
[WhiteElo "2596"]
[BlackElo "2557"]
[WhiteFideId "4170350"]
[BlackFideId "4122232"]
[EventDate "2016.10.04"]

1. e4 c5 2. Nf3 e6 3. d4 cxd4 4. Nxd4 a6 5. c4 Nf6 6. Nc3 Bb4 7. Qd3 Qc7 8. a3
Bc5 9. b4 Bxd4 10. Qxd4 Nc6 11. Qd3 O-O 12. Qg3 Qxg3 13. hxg3 d5 14. exd5 exd5
15. Nxd5 Nxd5 16. cxd5 Nd4 17. Bd3 Bf5 18. Bxf5 Rfe8+ 19. Be3 Nxf5 20. Ke2 Rad8
21. Rhd1 Re5 22. Rac1 h5 23. Rc7 b5 24. Rc6 Rdxd5 25. Rxd5 Rxd5 26. Rxa6 Nd6 27.
a4 bxa4 28. Rxa4 Nb5 29. Ra5 f6 30. Bc5 Nc3+ 31. Ke3 Rd7 32. Ra3 Nb5 33. Ra8+
Kh7 34. Rb8 Nc3 35. Bd4 Nd5+ 36. Kd3 Ne7 37. Rb5 Nc6 38. Rxh5+ Kg6 39. Rc5 Nxd4
40. Kc4 Ne6 41. Rc6 Kf5 42. b5 Rd1 43. b6 Rc1+ 44. Kd5 Rd1+ 45. Kc4 Rc1+ 46. Kd5
Rd1+ 47. Kc4 Rc1+ 1/2-1/2

[Event "ch-RUS Blitz 2016"]
[Site "Sochi RUS"]
[Date "2016.10.04"]
[Round "21.8"]
[White "Zakhartsov, Vladimir"]
[Black "Alekseev, Evgeny"]
[Result "0-1"]
[WhiteTitle "IM"]
[BlackTitle "GM"]
[WhiteElo "2452"]
[BlackElo "2636"]
[WhiteFideId "4145097"]
[BlackFideId "4138147"]
[EventDate "2016.10.04"]

1. e4 c5 2. Nf3 Nc6 3. d4 cxd4 4. Nxd4 e6 5. Nc3 a6 6. Nxc6 bxc6 7. Bd3 d5 8.
O-O Nf6 9. Qe2 Be7 10. Na4 O-O 11. c4 Bb7 12. b3 dxe4 13. Bxe4 Qd4 14. Bb1 c5
15. Be3 Qh4 16. Bxc5 Qg5 17. f4 Bxc5+ 18. Kh1 Qh4 19. Nxc5 Ng4 20. Qxg4 Qxg4 21.
Nxb7 Qe2 22. Rc1 Rad8 23. Nxd8 Rxd8 24. Rg1 f5 25. Bc2 Qxc2 26. Rac1 Qxa2 27. c5
Qxb3 28. c6 Qb6 29. Rge1 Kf7 30. Rc2 a5 31. Rec1 Rc8 0-1

[Event "ch-RUS Blitz 2016"]
[Site "Sochi RUS"]
[Date "2016.10.04"]
[Round "21.9"]
[White "Levin, Evgeny A."]
[Black "Timofeev, Artyom"]
[Result "1/2-1/2"]
[WhiteTitle "GM"]
[BlackTitle "GM"]
[WhiteElo "2505"]
[BlackElo "2601"]
[WhiteFideId "4182596"]
[BlackFideId "4140419"]
[EventDate "2016.10.04"]

1. d4 d5 2. c4 e6 3. Nc3 c6 4. e3 Nf6 5. Nf3 Nbd7 6. Qc2 Bd6 7. b3 O-O 8. Be2
dxc4 9. bxc4 e5 10. O-O Re8 11. Rd1 exd4 12. exd4 Nf8 13. h3 Ng6 14. Bf1 b6 15.
Bg5 h6 16. Be3 Qc7 17. c5 Bf4 18. Bxf4 Qxf4 19. Ne2 Qe4 20. Qxe4 Nxe4 21. cxb6
axb6 22. Rdc1 Bd7 1/2-1/2

[Event "ch-RUS Blitz 2016"]
[Site "Sochi RUS"]
[Date "2016.10.04"]
[Round "21.10"]
[White "Ponkratov, Pavel"]
[Black "Matinian, Nikita"]
[Result "0-1"]
[WhiteTitle "GM"]
[BlackTitle "IM"]
[WhiteElo "2589"]
[BlackElo "2495"]
[WhiteFideId "4157800"]
[BlackFideId "24129100"]
[EventDate "2016.10.04"]

1. e4 c5 2. Nf3 d6 3. d4 cxd4 4. Nxd4 Nf6 5. Nc3 Nc6 6. Bg5 Bd7 7. Qd2 a6 8. f4
h6 9. Bxf6 gxf6 10. Bc4 Rc8 11. Bb3 Na5 12. O-O Nxb3 13. axb3 h5 14. Kh1 h4 15.
h3 Rg8 16. Nf3 Rc5 17. f5 Rh8 18. Qf2 Qc8 19. Nxh4 Bh6 20. Nf3 Bf4 21. Rfd1 Kf8
22. Rd3 Bb5 23. Rd5 Rxc3 24. bxc3 Qxc3 25. Rad1 Bc6 26. R5d3 Qb2 27. Nd4 Be5 28.
Nxc6 bxc6 29. Rf1 c5 30. Rdd1 Qc3 31. Ra1 Rxh3+ 32. gxh3 Qxh3+ 33. Kg1 Bd4 34.
Qxd4 Qg3+ 35. Kh1 cxd4 36. Rae1 d3 37. cxd3 Qxd3 38. b4 Qc4 39. Kg2 Qxb4 40. Kf3
a5 41. Re2 a4 42. Rff2 a3 43. Rc2 Qb3+ 44. Kf4 Qb1 45. Rg2 Qf1+ 46. Ke3 Qe1+ 47.
Kd3 Qf1+ 48. Ke3 Qa6 49. Rh2 Ke8 50. Rh8+ Kd7 51. Rhh2 Qa7+ 52. Kf3 Qa5 53. Rhd2
Qb4 54. Re2 Qb3+ 55. Kf4 d5 56. exd5 Kd6 57. Rcd2 Qc4+ 58. Kf3 Qh4 59. Rf2 Qg5
60. Ke4 Qg4+ 61. Ke3 Ke5 62. Rf3 Qc4 63. Kf2 a2 64. Ra3 Qc5+ 65. Re3+ Kf4 0-1

[Event "ch-RUS Blitz 2016"]
[Site "Sochi RUS"]
[Date "2016.10.04"]
[Round "21.11"]
[White "Rakhmanov, Aleksandr"]
[Black "Afanasiev, Nikita"]
[Result "0-1"]
[WhiteTitle "GM"]
[BlackTitle "FM"]
[WhiteElo "2662"]
[BlackElo "2280"]
[WhiteFideId "4173708"]
[BlackFideId "24183555"]
[EventDate "2016.10.04"]

1. c4 g6 2. Nc3 Bg7 3. g3 d6 4. Bg2 e5 5. d3 f5 6. e3 Nf6 7. Nge2 O-O 8. O-O Kh8
9. b3 c6 10. Ba3 a5 11. Qd2 Re8 12. d4 e4 13. d5 c5 14. Nb5 Na6 15. Bb2 Nc7 16.
a4 b6 17. Nf4 Nxb5 18. axb5 Bd7 19. f3 Qe7 20. fxe4 Nxe4 21. Bxe4 Qxe4 22. Bxg7+
Kxg7 23. Ng2 Qe5 24. Ra2 Rab8 25. Qb2 Re7 26. Qxe5+ Rxe5 27. h4 Rbe8 28. Kf2 h6
29. Rh1 Re4 30. Kf3 R8e7 31. Re1 g5 32. Rh1 Be8 33. hxg5 hxg5 34. Kf2 Bg6 35.
Raa1 Re8 36. Rac1 Rg4 37. Rc3 Ree4 38. Rh2 a4 39. Rh1 axb3 40. Rxb3 Rxc4 41. Rb2
Rb4 42. Rhb1 Rxb2+ 43. Rxb2 Ra4 44. Ne1 Bf7 45. Nf3 Kf6 46. Nd2 Bxd5 47. Ke2 Ra2
48. Rb1 Bc4+ 49. Ke1 Bd3 50. Rb3 c4 51. Rc3 d5 52. Nf3 Re2+ 53. Kd1 Rxe3 54. Nd4
Rxg3 55. Ke1 Ke5 56. Nc6+ Kd6 57. Nd4 Kc5 58. Ne6+ Kb4 0-1

[Event "ch-RUS Blitz 2016"]
[Site "Sochi RUS"]
[Date "2016.10.04"]
[Round "21.12"]
[White "Shcherbakov, Ruslan"]
[Black "Gabrielian, Artur"]
[Result "0-1"]
[WhiteTitle "GM"]
[BlackTitle "GM"]
[WhiteElo "2516"]
[BlackElo "2524"]
[WhiteFideId "4102240"]
[BlackFideId "4131002"]
[EventDate "2016.10.04"]

1. e4 c5 2. Nf3 d6 3. Bb5+ Nd7 4. c3 Nf6 5. Qe2 g6 6. O-O Bg7 7. d4 a6 8. Bd3
O-O 9. Re1 e5 10. dxe5 dxe5 11. a4 b6 12. Na3 Bb7 13. Nc4 Qe7 14. h3 h6 15. Bd2
Nh5 16. Bc2 Rab8 17. Rad1 Bc6 18. Bc1 b5 19. axb5 axb5 20. Ne3 Nf4 21. Qf1 c4
22. g3 Nd3 23. Bxd3 cxd3 24. Nd5 Bxd5 25. exd5 Nc5 26. b4 Na4 27. Qxd3 Qd6 0-1

[Event "ch-RUS Blitz 2016"]
[Site "Sochi RUS"]
[Date "2016.10.04"]
[Round "21.13"]
[White "Usmanov, Vasily"]
[Black "Bocharov, Dmitry"]
[Result "1-0"]
[WhiteTitle "IM"]
[BlackTitle "GM"]
[WhiteElo "2431"]
[BlackElo "2611"]
[WhiteFideId "4135741"]
[BlackFideId "4138716"]
[EventDate "2016.10.04"]

1. d4 Nf6 2. Nf3 e6 3. c4 b6 4. a3 Ba6 5. Qa4 Bb7 6. Nc3 c5 7. dxc5 bxc5 8. Bf4
Be7 9. Nb5 Bc6 10. Ne5 O-O 11. Nxc6 Nxc6 12. e3 Qb6 13. Qc2 d5 14. Bd3 d4 15.
O-O a6 16. Nd6 e5 17. Bg5 Bxd6 18. Bxf6 gxf6 19. Bxh7+ Kg7 20. Be4 Rh8 21. Qe2
Rad8 22. Qg4+ Kf8 23. Qf3 Rh6 24. Bxc6 e4 25. Bxe4 Bxh2+ 26. Kh1 Be5+ 27. Kg1
Bh2+ 28. Kh1 dxe3 29. g3 Bxg3+ 30. Kg2 Bxf2 31. Rh1 Rxh1 32. Rxh1 1-0